00494 a2200157 450000500170000000800410001701000140005802000100007203500130008203700150009508200080011024500850011826000570020327000470026030000290030720080908155253.0080908t xxu||||| |||| 00| 0 eng d aENG-87677 c80.00 aEN-71210 bDBAD / PUB a378 aHigher educationbits social relevancecedited by S. Ravindranathan... [et. al.] aTirunelvelibManonmaniam Sundaranar Universityc2006 aPublication DivisionbTirunelvelie627 012 avi, 122 p.c22 cm ( Pbk)